000 00387nam a2200169Ia 4500
003 OSt
005 20240615151519.0
008 170619s9999 xx 000 0 und d
020 _a9788125931249
040 _cIIMT ENGINEERING COLLEGE
100 _aKuchhal- M. C.
245 0 _aMercantile law
260 _bNew Delhi Vikas
260 _c2005
546 _aENGLISH
942 _2ddc
_c02
999 _c21874
_d21874